[One Piece] Mort subite - Capitaines pirate - Statistiques

Statistiques générales
  • Ce quiz a été pris 7 746 fois
    7 729 depuis la dernière actualisation
  • Le résultat moyen est 6 sur 15
Answers on the Grid
Answers color-coded by a green-red scale on the quiz's grid according to % correct below.
Monkey D. Luffy
Nico Robin
Dadan
Marco
Barbe Brune
Trafalgar D. Water Law
Momonga
Kuro
Inuarashi
Monkey D. Dragon
Mont Blanc Cricket
Yorki
Fisher Tiger
Charlotte Linlin
Akainu (Sakazuki)
Cavendish
Shiliew
Edward Weeble
Rocks D. Xebec
Shiki
Don Krieg
Haguar D. Sauro
Gan Forr
Pekoms
Marshall D. Teach
Wiper
Bonclay
Neptune
Orlumbus
Portgas D. Ace
 
Statistiques - réponses
Réponse % Correct
Monkey D. Luffy
67%
Marshall D. Teach
64%
Trafalgar D. Water Law
62%
Charlotte Linlin
58%
Rocks D. Xebec
58%
Fisher Tiger
51%
Don Krieg
50%
Cavendish
40%
Kuro
37%
Barbe Brune
35%
Shiki
35%
Portgas D. Ace
33%
Mont Blanc Cricket
15%
Orlumbus
14%
Yorki
9%
Aucun quiz correspondant
Distribution des résultats
% des personnes avec chaque résultat
Percentile par nombre de réponses
Votre historique - résultats
Vous n’avez pas pris ce quiz depuis la dernière actualisation